DBS - IDMS. Verzia 4. príručka pre správu bázy dát
Gespeichert in:
| Format: | Buch |
|---|---|
| Sprache: | Slowakisch |
| Veröffentlicht: |
Bratislava
Datasystém
1979
|
| Tags: |
Keine Tags, Fügen Sie das erste Tag hinzu!
|
MARC
| LEADER | 00000nam a2200000 4500 | ||
|---|---|---|---|
| 001 | 0222399 | ||
| 005 | 20240822101700.9 | ||
| 041 | 0 | |a slo | |
| 044 | |a SK | ||
| 245 | 1 | 0 | |a DBS - IDMS. Verzia 4. |b príručka pre správu bázy dát |c preklad: Ivan Tošer |
| 264 | 1 | |a Bratislava |b Datasystém |c 1979 | |
| 300 | |a 332 s. | ||